000 01091 a2200217 4500
008 080820t xxu||||| |||| 00| 0 eng d
010 _aENG-84903
020 _a8175963166
_c695.00
035 _aEN-68436
037 _bD.B.Act / Pub
082 _a954.35
100 _aSundarayya, Puccalapalli,
245 _aTelangana people's struggle and its lessons
_c[by] P. Sundarayya.
260 _aNew Delhi
_bFoundation Books
_c2006
300 _ax, 458 p.
_c24 cm. (Hb)
500 _aAppendices : 1. Martyrs of the struggle.--2. The conditions of agricultural workers and of the poor peasantry.--3. Present secret organisation: our tasks.--4. Tales of Telengana ... poem ... written by Harindranath Chattopadhyay, at the time of the Telengana armed struggle.
651 _aTelengana Region (India)
_xPolitics and government.
700 _aChattopadhyay, Harindranath.
942 _adpl
_cEN
_k954.35 / SUN
_2ddc
_h954.35
_mSUN
999 _c685
_d685